| 000 | 00608nam a2200193Ia 4500 | ||
|---|---|---|---|
| 008 | 220501s2018 xx 000 0 eng d | ||
| 020 | _a9789339222178 | ||
| 082 | _a658.4032 HIL-I | ||
| 100 | _aHillier, Frederick S | ||
| 245 | 0 |
_aIntroduction to management science : a modeling and case studies approach with spreadsheets _cFrederick S Hillier and Mark S Hillier |
|
| 250 | _a4th | ||
| 260 |
_aChennai _bMcGraw Hill _c2018 |
||
| 300 | _axix, 629p. | ||
| 650 | _aManagement science | ||
| 650 | _aOperations Management | ||
| 650 | _aOperations research | ||
| 700 | _aHiller, Mark S | ||
| 942 |
_2ddc _cBK |
||
| 999 |
_c18348 _d18348 |
||